Statistics for Geographic Groups of Two #4

Click here to take the quiz!

General Stats

  • This quiz has been taken 52,621 times
  • The average score is 26 of 40

Answer Stats

ClueAnswer% Correct
Majority Hindu countriesIndia
97%
Most populous cities in Spain
starting with B
Barcelona
94%
U.S. states that start with KKansas
93%
U.S. states that start with KKentucky
91%
Cities with the most gambling revenueLas Vegas
89%
Countries bordering Costa RicaPanama
89%
Biggest cities in ScotlandEdinburgh
88%
Most populous cities in Italy
starting with V
Venice
87%
Countries bordering Costa RicaNicaragua
86%
Tallest mountains in AfricaMt. Kilimanjaro
85%
Official languages of IndiaHindi
84%
Biggest cities in ScotlandGlasgow
83%
Countries whose currency is
called the Ruble
Russia
82%
European capitals furthest from each otherReykjavík
80%
Majority Hindu countriesNepal
76%
African capital cities above 35° NorthTunis
76%
Inland seas on Israel's eastern borderDead Sea
73%
European capitals furthest from
each other
Athens
70%
African capital cities above 35° NorthAlgiers
69%
Largest Greek-speaking IslandsCrete
69%
Official languages of IndiaEnglish
66%
U.S. state capitals furthest from each otherHonolulu
66%
Countries whose currency is
called the Ruble
Belarus
62%
Largest Greek-speaking islandsCyprus
57%
National capitals of North America
that start with "port"
Port-au-Prince
56%
Most populous cities in Spain starting with BBilbao
54%
Spanish archipelagosCanary Islands
54%
Cities with the most gambling revenueMacau
46%
Most populous cities in Italy starting with VVerona
46%
Most populous cities in YorkshireLeeds
44%
Countries that combined to form TanzaniaZanzibar
44%
Regions that France gained from
Germany after WWI
Alsace
42%
National capitals of North America
that start with "port"
Port-of-Spain
40%
U.S. state capitals furthest from
each other
Augusta
39%
Inland seas on Israel's eastern borderSea of Galilee
35%
Spanish archipelagosBalearic Islands
34%
Regions that France gained from Germany after WWILorraine
34%
Most populous cities in YorkshireSheffield
28%
Countries that combined to
form Tanzania
Tanganyika
28%
Tallest mountains in AfricaMt. Kenya
27%

Score Distribution

Percentile by Number Answered

Percent of People with Each Score

Your Score History

You have not taken this quiz